Tập bản đồ - tranh ảnh : Bài tập Lịch sử 11

Nội dung sách được sắp xếp theo trình tự sách giáo khoa Lịch sử. Các câu hỏi, bài tập đều được cân nhắc, lựa chọn kĩ. Thông qua quan sát, phân tích và làm việc với các lược đồ, sơ đồ, tranh ảnh... học sinh sẽ có điều kiện nắm chắc ki...

תיאור מלא

שמור ב:
מידע ביבליוגרפי
פורמט: ספר
שפה:Undetermined
יצא לאור: Hà Nội Giáo dục Việt Nam 2013
נושאים:
תגים: הוספת תג
אין תגיות, היה/י הראשונ/ה לתייג את הרשומה!
Thư viện lưu trữ: Trung tâm Học liệu Trường Đại học Cần Thơ
LEADER 01070nam a2200217Ia 4500
001 CTU_197179
008 210402s9999 xx 000 0 und d
020 |c 9100 
082 |a 907.12 
082 |b T123 
245 0 |a Tập bản đồ - tranh ảnh : 
245 0 |b Bài tập Lịch sử 11 
245 0 |c Nguyễn Ngọc Cơ ... [et al.] 
260 |a Hà Nội 
260 |b Giáo dục Việt Nam 
260 |c 2013 
520 |a Nội dung sách được sắp xếp theo trình tự sách giáo khoa Lịch sử. Các câu hỏi, bài tập đều được cân nhắc, lựa chọn kĩ. Thông qua quan sát, phân tích và làm việc với các lược đồ, sơ đồ, tranh ảnh... học sinh sẽ có điều kiện nắm chắc kiến thức, kĩ năng của bài học. 
650 |a History,Lịch sử 
650 |x Study and teaching (Secondary),Dạy và học (Trung học) 
904 |i Hải 
980 |a Trung tâm Học liệu Trường Đại học Cần Thơ